000 00319nam a2200145Ia 4500
100 _aCattell/ R.G.G.
942 _cBK
654 _aDatabase
245 _aObject Data Management
260 _bAddison Wesley Pub
_aEaglewood cliffs
_c1994
082 _a5.756
_bCAT
300 _a389
546 _aENGLISH
999 _c26287
_d26287